000 00804nam a22002297a 4500
999 _c16433
_d16433
003 AR-CdUCM
008 190503b ||||| |||| 00| 0 spa d
040 _aMUNICIPALIDAD PROVINCIAL DEL CUSCO
_cBIBLIOTECA MUNICIPAL DEL CUSCO
082 _a869.953 /
_bZ6
100 _aDarío, Rubén
_92765
245 _aObras de juventud /
260 _aSantiago de Chile :
_bEdit. Nascimiento,
_c1927.
300 _a410 páginas ;
_c19 cm.
505 _aContenido: Rubén Darío en Chile, por Armando Donoso -- El poeta recuerda su permanencia en Chile ...
650 _aEnsayos nicaraguenses
_934528
650 _aPoesías nicaragüenses
_92766
650 _aCuentos nicaragüenses
_930904
650 _aSiglo XIX.
_9971
700 _aDonoso, Armando
_935881
942 _2ddc
_cLIBROS
945 _aacv
_d2019-05-03